000 00892nam0a22002531 4500
001 rc\594764
005 20250621175504.0
035 _a(NLR Aleph) 005839567
090 _a5664516
_c5664516
100 _a20031121d1986 |||y0rusy50 ca
101 0 _arus
102 _aRU
105 _ay |||||||||
200 1 _aКомплексная система повышения эффективности производства
_eНа прим. предприятий радиоприборостроения
210 _aМ.
_cРадио и связь
_d1986
215 _a254, [1] с.
_d22
320 _aБиблиогр.: с. 252-253 (35 назв.)
700 1 _aАрабянц
_bЗ.А.
_gЗавен Амаякович
701 1 _aБерг
_bЛ.В.
_gЛев Викторович
801 0 _aRU
_bNLR
_gpsbo
801 1 _aRU
_bELAR
_2rusmarc
852 _aNLR
_j86-5/6886
942 _cBOOK
980 _aNB